000 02256cam a22002777i 4500
003 GSU
005 20260619092533.0
008 150410t20162016cau
020 _a9781446272497 (paperback)
040 _aBTCTA
_beng
_cGSU
_erda
_dGSU
050 0 0 _aH62
_bBIS
100 1 _aBischoping, Katherine,
_eauthor.
245 1 0 _aAnalyzing talk in the social sciences :
_bnarrative, conversation & discourse strategies /
_cKatherine Bischoping, Amber Gazso.
264 1 _aLos Angeles :
_bSAGE,
_c©2016
300 _aix, 222 pages ;
_c25 cm
336 _atext
_btxt
_2rdacontent
337 _aunmediated
_bn
_2rdamedia
338 _avolume
_bnc
_2rdacarrier
504 _aIncludes bibliographical references (pages 189-215) and index.
520 _aTalk is one of the main resources available to qualitative researchers. It offers rich, meaningful data that can provide real insights and new perspectives. But once you have the data how do you select an appropriate means of analysis? How do you ensure that the approach you adopt is the best for your project and your data? The book will help you choose strategies for qualitative analysis that best suit your research. It walks you through key decisions, provides actionable game plans and highlights the advantages and challenges of the main approaches. It is packed full of real examples designed to showcase the different tools you might use to meet your own objectives. Each section of the book focuses on one popular strategy for analyzing talk-based data: Narrative Analysis; Conversation Analysis; Discourse Analysis Taken together these sections will help you to fine-tune the link between your primary research question and your methods; to ensure that your theoretical stance fits with your methods; and to reason through your analysis in a way that will be recognizable to the intellectual communities of narrative, conversation, or discourse analysts. This book is both starting point and map for any social scientist looking to strategically and purposefully analyse talk data.
650 0 _aSocial service
_xResearch
_xMethodology.
650 0 _aQualitative research.
650 7 _aSocial service
_xResearch
_xMethodology.
700 1 _aGazso, Amber,
_eauthor.
942 _2lcc
_cBK
_hH62
_kH
_mBIS
_n0
999 _c2773
_d2773